Matemática...¿Estás ahí?: sobre números, personajes, problemas y curiosidades
Tallennettuna:
| Päätekijä: | |
|---|---|
| Aineistotyyppi: | Kirja |
| Kieli: | espanja |
| Julkaistu: |
Buenos Aires
Siglo Veintiuno
2006
|
| Painos: | 1a. ed |
| Sarja: | Colección Ciencia que Ladra
|
| Aiheet: | |
| Tagit: |
Lisää tagi
Ei tageja, Lisää ensimmäinen tagi!
|
MARC
| LEADER | 00000cam a2200000 a 4500 | ||
|---|---|---|---|
| 001 | UCE9373 | ||
| 003 | CL-VaPUC | ||
| 008 | 151022e20060000ag |||||||||||||||||spa|d | ||
| 020 | |a 9789871220649 | ||
| 082 | 0 | 4 | |a 510.7 |b PAE |2 21 |
| 100 | |a Paenza, Adrián |e autor |9 582201 | ||
| 245 | 1 | 0 | |a Matemática...¿Estás ahí?: sobre números, personajes, problemas y curiosidades |
| 250 | |a 1a. ed | ||
| 300 | |a v | ||
| 942 | |c BK | ||
| 945 | |d 20151022 17:18:00 |a dcastane | ||
| 260 | |a Buenos Aires |b Siglo Veintiuno |c 2006 | ||
| 650 | 0 | |a Matemática |9 260235 | |
| 650 | 0 | |a Matemáticas |x Enseñanza |9 875527 | |
| 583 | |a last modification |c 20151022 17:18:00 |k Rodrigo Vera | ||
| 490 | 0 | |a Colección Ciencia que Ladra | |
| 999 | |c 361037 |d 361035 | ||